Lịch sử 11

Đã lưu trong:
书目详细资料
格式: 图书
语言:Undetermined
出版: Hà Nội Giáo Dục 1999
主题:
标签: 添加标签
没有标签, 成为第一个标记此记录!
Thư viện lưu trữ: Trung tâm Học liệu Trường Đại học Cần Thơ
LEADER 00498nam a2200181Ia 4500
001 CTU_39811
008 210402s9999 xx 000 0 und d
082 |a 907 
082 |b L302 
245 0 |a Lịch sử 11 
245 0 |c Phan Ngọc Liên ... [ et al. ] 
260 |a Hà Nội 
260 |b Giáo Dục 
260 |c 1999 
650 |a Vietnam 
650 |x History,Study and teaching ( secondary ) 
904 |i Qhieu sửa 
980 |a Trung tâm Học liệu Trường Đại học Cần Thơ